| 000 | 00746cam a2200241 a 4500 | ||
|---|---|---|---|
| 001 | 4019525 | ||
| 005 | 20250515110443.0 | ||
| 008 | 980312s1998 txua b 001 0 eng | ||
| 020 | _a0030246121 | ||
| 050 | 0 | 0 |
_aHF5549 _b.H3382 1998 |
| 082 | 0 | 0 |
_a658.3 _221 |
| 100 | 1 | _aDeSimone, Randy L. | |
| 245 | 1 | 0 |
_aHuman resource development / _cRandy L. DeSimone, David M. Harris. |
| 250 | _a2nd ed. | ||
| 260 |
_aFort Worth : _bDryden Press, _cc1998. |
||
| 300 |
_axxiii, 583 p. : _bill. ; _c25 cm. |
||
| 440 | 4 | _aThe Dryden Press series in management | |
| 500 | _aAuthors' names appear in reverse order on previous ed. | ||
| 650 | 0 | _aPersonnel management. | |
| 650 | 0 | _aCareer development. | |
| 700 | 1 | _aDeSimone, Randy L. | |
| 942 |
_2lcc _cBK _n0 |
||
| 999 |
_c5777 _d5777 |
||